Top 15 countries with the most Roblox players - Statistics

General Stats
  • This quiz has been taken 653 times
    652 since last reset
  • The average score is 9 of 15
Answer Stats
Precentage Country % Correct
20.21% United States
99%
4.42% United Kingdom
80%
6.09% Russia
79%
7.85% Brazil
77%
3.94% Canada
75%
1.97% Germany
67%
3.44% France
66%
2.91% Japan
64%
0.87% Mexico
61%
1.53% Spain
60%
4.43% Turkey
59%
3.69% Philippines
51%
3.48% Italy
49%
4.17% Ireland
26%
2.15% Egypt
23%
No matching quizzes found
Score Distribution
Percent of People with Each Score
Percentile by Number Answered
Your Score History
You have not taken this quiz since the last reset